Animal on the flag - Statistics

General Stats
  • This quiz has been taken 32 times
  • The average score is 7 of 10
Answer Stats
Picture Answer % Correct
Bhutan
100%
Egypt
79%
Sri Lanka
71%
Peru
68%
Uganda
68%
Zimbabwe
64%
Ecuador
61%
Dominica
54%
Papua New Guinea
54%
Kiribati
39%
No matching quizzes found
Score Distribution
Percent of People with Each Score
Percentile by Number Answered
Your Score History
You have not taken this quiz